| 000 | 00461nam a2200181Ia 4500 | ||
|---|---|---|---|
| 008 | 220531s9999 xx 000 0 und d | ||
| 041 | _aeng | ||
| 082 | _bDAT / BHA | ||
| 100 |
_aBharambe, M. & Patil H. _971642 |
||
| 245 | _aData Analytics | ||
| 250 | _a1 st | ||
| 260 |
_aPune _bNirali _c2022 |
||
| 300 | _a4.58 | ||
| 542 | _d08-03-2022 | ||
| 650 |
_aData Analytics _971643 |
||
| 906 |
_cT.Y.B.Sc.(Comp.) _d2021-2022 _f20448 |
||
| 999 |
_c40053 _d40053 |
||